| 000 | 00417nam a22001577a 4500 | ||
|---|---|---|---|
| 020 | _a9781138581012 | ||
| 082 |
_a128.2 _bHEI |
||
| 100 | _aHeil, John | ||
| 245 |
_aPhilosophy of Mind: _ba contemporary introduction / _cJohn Heil |
||
| 250 | _a4th Edition. | ||
| 260 |
_aNew York : _bRoutledge, _c2020. |
||
| 300 | _a263 p. | ||
| 563 | _aPB. | ||
| 650 |
_aLaw, Philosophy of Mind _9128452 |
||
| 942 |
_2ddc _cBK |
||
| 999 |
_c613406 _d613406 |
||